Drapeaux à l’iranienne #2 - Statistiques

Statistiques générales
  • Ce quiz a été pris 92 fois
  • Le résultat moyen est 8 sur 10
Statistiques - réponses
Par images Réponse % Correct
Bhoutan
98%
Brésil
98%
Corée du Sud
97%
Croatie
95%
Géorgie
95%
Pakistan
91%
Vatican
88%
Tadjikistan
80%
Mauritanie
63%
Maldives
30%
Aucun quiz correspondant
Distribution des résultats
% des personnes avec chaque résultat
Percentile par nombre de réponses
Votre historique - résultats
Vous n’avez pas pris ce quiz